| 000 | 00482nam a2200193Ia 4500 | ||
|---|---|---|---|
| 003 | GCL | ||
| 008 | 140319s9999 xx 000 0 aRus d | ||
| 040 |
_aGCL / _cGCL |
||
| 082 | 0 | 4 |
_a863 _bC O |
| 100 | 1 | _aCARLOS, JUAN | |
| 245 | 1 | 0 |
_aONETTI JUNTACADAVERES / _cCARLOS, JUAN |
| 260 |
_a[S.N] : _bNARRATIVA MONDADORI ، _c1964 |
||
| 300 | _a187 P | ||
| 650 | 0 | 4 | _aLITERATURE |
| 650 | 0 | 4 | _aFICTION |
| 650 | 0 | 4 | _aSPANISH LITERATURE |
| 650 | 0 | 4 | _aSPANISH FICTION |
| 942 |
_2ddc _cBK |
||
| 999 |
_c14329 _d14329 |
||